ESPN's 50 Best Footballers: 2022 World Cup - Statistics

General Stats
  • This quiz has been taken 220 times
  • The average score is 35 of 50
Answer Stats
Rank Country Position Player % Correct
1 🇫🇷 Forward Kylian Mbappé
97%
4 🇦🇷 Forward Lionel Messi
94%
3 🇧🇪 Midfielder Kevin de Bruyne
90%
6 🇧🇷 Forward Neymar
90%
5 🇵🇱 Forward Robert Lewandowski
88%
20 🇵🇹 Forward Cristiano Ronaldo
87%
9 🇧🇪 Goalkeeper Thibaut Courtois
87%
7 🇭🇷 Midfielder Luka Modric
82%
12 🇳🇱 Defender Virgil van Dijk
81%
37 🇫🇷 Forward Antoine Griezmann
80%
21 🇧🇷 Goalkeeper Alisson
79%
11 🏴󠁧󠁢󠁥󠁮󠁧󠁿 Forward Harry Kane
78%
19 🇪🇸 Midfielder Pedri
78%
10 🇸🇳 Forward Sadio Mané
77%
8 🇧🇷 Forward Vinícius Júnior
77%
47 🇧🇷 Goalkeeper Ederson
76%
24 🇩🇪 Goalkeeper Manuel Neuer
76%
13 🇰🇷 Forward Son Heung-Min
76%
45 🇪🇸 Midfielder Gavi
74%
16 🇵🇹 Midfielder Bernardo Silva
73%
46 🇩🇰 Midfielder Christian Eriksen
73%
23 🇵🇹 Defender Rúben Dias
73%
26 🇨🇦 Defender Alphonso Davies
72%
38 🇫🇷 Forward Ousmane Dembélé
72%
43 🇧🇪 Forward Romelu Lukaku
72%
50 🇨🇲 Goalkeeper André Onana
70%
27 🇵🇹 Midfielder Bruno Fernandes
69%
15 🇩🇪 Midfielder Joshua Kimmich
69%
22 🏴󠁧󠁢󠁥󠁮󠁧󠁿 Midfielder Jude Bellingham
69%
36 🇲🇦 Defender Achraf Hakimi
68%
14 🇺🇾 Midfielder Federico Valverde
68%
32 🇳🇱 Midfielder Frenkie de Jong
68%
17 🇵🇹 Defender João Cancelo
67%
2 🇫🇷 Forward Karim Benzema
67%
34 🇦🇷 Forward Lautaro Martínez
66%
49 🇸🇳 Defender Kalidou Koulibaly
63%
25 🇧🇷 Midfielder Casemiro
62%
29 🇧🇷 Defender Marquinhos
60%
18 🏴󠁧󠁢󠁥󠁮󠁧󠁿 Midfielder Phil Foden
60%
44 🇫🇷 Midfielder Aurélien Tchouaméni
59%
42 🇪🇸 Midfielder Rodri
58%
31 🇩🇪 Midfielder Thomas Müller
55%
41 🇩🇪 Midfielder Jamal Musiala
51%
48 🏴󠁧󠁢󠁥󠁮󠁧󠁿 Midfielder Bukayo Saka
50%
28 🇵🇹 Forward Rafael Leão
50%
39 🇧🇷 Forward Gabriel Jesus
48%
30 🇩🇪 Defender Antonio Rüdiger
47%
40 🇷🇸 Forward Dušan Vlahovic
47%
35 🏴󠁧󠁢󠁥󠁮󠁧󠁿 Defender Trent Alexander-Arnold
47%
33 🇩🇪 Midfielder İlkay Gündoğan
44%
No matching quizzes found
Score Distribution
Percent of People with Each Score
Percentile by Number Answered
Your Score History
You have not taken this quiz